000 01420nam a2200397 c 4500
001 53066
003 ES-MaCES
005 20250313124438.0
007 cr |||||||||||
008 240215s2023 sp r 000 | spa d
017 _aBI 00307-2023
_bDL
020 _a 9788492937950
040 _aES-MaCES
_bspa
_cES-MaCES
100 1 _940934
_aVillar Notario, Antonio
245 1 3 _aEl coste social del desempleo en España
_b: el discreto encanto de la recuperación económica
_cAntonio Villar Notario, Sara de la Rica Goiricelaya, Lucía Gorjón García
260 _aBilbao
_bFundación BBVA
_c2023
300 _a261 p.
_c24 cm
_e1 documento pdf (5,24 mb)
504 _aBibliografía: p. 249-250
541 _cGratuito
650 4 _amercado de trabajo
_928292
650 4 _aanálisis del mercado de mano de obra
_930745
650 4 _adesempleo
_928308
650 4 _adesempleo estructural
_928306
650 4 _acoste social
_928740
650 4 _arecuperación económica
_927103
650 4 _aEspaña
_926964
650 4 _aComunidades Autónomas
_930768
650 4 _aanálisis económico
_927070
653 1 0 _aEmpleo
700 1 _aRica Goiricelaya, Sara de la
_922008
700 1 _aGorjón García, Lucía
_940935
710 2 _aFundación BBVA
_eed.
_93766
856 4 _uhttp://biblioteca.ces.es/repintra/B53066.pdf
_ytexto completo
_z[intranet]
902 _aLIB Libro
942 _2CES
_cBK
_h2.1.
999 _c53066
_d53066